Study of attitudes towards dowry system of scheduled castes boys and girls in respect of their educational level (Record no. 87303)
[ view plain ]
| 000 -LEADER | |
|---|---|
| fixed length control field | 00388nam a2200133Ia 4500 |
| 008 - FIXED-LENGTH DATA ELEMENTS--GENERAL INFORMATION | |
| fixed length control field | 230917s9999||||xx |||||||||||||| ||und|| |
| 040 ## - CATALOGING SOURCE | |
| -- | 91145 |
| Original cataloging agency | VIVEKANANDA LIBRARY |
| 041 ## - Language | |
| -- | English |
| 082 ## - DDC NUMBER | |
| Classification number | 370.19 P24S |
| 100 ## - MAIN ENTRY--PERSONAL NAME | |
| Personal name | Parmar, Ompal |
| 245 #0 - TITLE STATEMENT | |
| Title | Study of attitudes towards dowry system of scheduled castes boys and girls in respect of their educational level |
| 300 ## - PHYSICAL DESCRIPTION | |
| Pages | 53 p. |
| 942 ## - ADDED ENTRY ELEMENTS (KOHA) | |
| Koha item type | Thesis |
| Withdrawn status | Lost status | Damaged status | Not for loan | Location (home branch) | Sublocation or collection (holding branch) | Shelving location | Date acquired | Koha issues (times borrowed) | Koha full call number | Accession No. | Koha date last seen | Koha item type |
|---|---|---|---|---|---|---|---|---|---|---|---|---|
| VIVEKANANDA LIBRARY | VIVEKANANDA LIBRARY | Reference | 21/05/2003 | 370.19 P24S | 166991 | 17/09/2023 | Thesis |
